HOBO protocol : handover of office building operations (Record no. 102674)
[ view plain ]
| 000 -LEADER | |
|---|---|
| fixed length control field | 00649cam a2200229 4500 |
| 008 - FIXED-LENGTH DATA ELEMENTS--GENERAL INFORMATION | |
| fixed length control field | 030305n2003 000 0 eng u |
| 020 ## - INTERNATIONAL STANDARD BOOK NUMBER | |
| International Standard Book Number | 1860816029 |
| 035 ## - SYSTEM CONTROL NUMBER | |
| System control number | (Sirsi) u121522 |
| 050 ## - LIBRARY OF CONGRESS CALL NUMBER | |
| Classification number | 690.068 |
| -- | 21 |
| 100 ## - MAIN ENTRY--PERSONAL NAME | |
| Personal name | Graves, Hilary |
| 245 ## - TITLE STATEMENT | |
| Title | HOBO protocol : handover of office building operations |
| 260 ## - PUBLICATION, DISTRIBUTION, ETC. | |
| Place of publication, distribution, etc. | Lodon |
| Name of publisher, distributor, etc. | BRE |
| Date of publication, distribution, etc. | 2003 |
| 300 ## - PHYSICAL DESCRIPTION | |
| Extent | 12p. |
| Other physical details | ill. |
| Dimensions | 30cm. |
| 490 ## - SERIES STATEMENT | |
| Series statement | BRE Digest |
| Volume/sequential designation | 474 |
| 650 ## - SUBJECT ADDED ENTRY--TOPICAL TERM | |
| Topical term or geographic name entry element | COMMISSIONING PROCEDURES |
| 650 ## - SUBJECT ADDED ENTRY--TOPICAL TERM | |
| Topical term or geographic name entry element | HANDOVER |
| 650 ## - SUBJECT ADDED ENTRY--TOPICAL TERM | |
| Topical term or geographic name entry element | HANDOVER OF OFFICE BUILDINGS PROTOCOL |
| 690 ## - LOCAL SUBJECT ADDED ENTRY--TOPICAL TERM (OCLC, RLIN) | |
| Topical term or geographic name as entry element | BUILDING AND CONSTRUCTION-MANAGEMENT |
| 700 ## - ADDED ENTRY--PERSONAL NAME | |
| Personal name | Jaggs, Michael |
| 700 ## - ADDED ENTRY--PERSONAL NAME | |
| Personal name | Watson, Mike |
| 942 ## - ADDED ENTRY ELEMENTS (KOHA) | |
| Suppress in OPAC | 0 |
| Withdrawn status | Lost status | Source of classification or shelving scheme | Damaged status | Not for loan | Home library | Current library | Shelving location | Date acquired | Total Checkouts | Full call number | Barcode | Date last seen | Date last checked out | Copy number | Price effective from | Koha item type |
|---|---|---|---|---|---|---|---|---|---|---|---|---|---|---|---|---|
| Dewey Decimal Classification | London | London | BRE publications | 05/03/2003 | 1 | ENQUIRY DESK | 30067109 | 06/08/2019 | 27/08/2009 | 1 | 06/08/2019 | Book |